000 00378nam a2200181Ia 4500
008 210210b xxu||||| |||| 00| 0 eng d
041 _aeng
082 _a821/292
100 _aHERRICK (Robert)
245 _aHesperides Vol I
260 _a
_b-
_c
440 _aI
650 _aVol
650 _aI
650 _aHesperides
690 _aEnglish Literature
906 _a011461
999 _c130138
_d130138